000 01339cam a22003254a 4500
001 12804346
005 20170105102855.0
008 020606s2002 enka b 001 0 eng
010 _a 2002068026
020 _a0415221781 (hb)
020 _a041522179X (pb)
040 _aDLC
_cDLC
_dDLC
042 _apcc
043 _ae-uk---
050 0 0 _aNA968.5.M64
_bB85 2002
082 0 0 _a720.941
_221
100 1 _aBullock, Nicholas.
245 1 0 _aBuilding the post-war world :
_bmodern architecture and reconstruction in Britain /
_cNicholas Bullock.
260 _aLondon ;
_aNew York :
_bRoutledge,
_c2002.
300 _axiv, 287 p. :
_bill. ;
_c26 cm.
504 _aIncludes bibliographical references and index.
650 0 _aModern movement (Architecture)
_zGreat Britain.
650 0 _aUrban renewal
_zGreat Britain
_xHistory
_y20th century.
650 0 _aReconstruction (1939-1951)
_zGreat Britain.
856 4 1 _3Table of contents only
_uhttp://www.loc.gov/catdir/toc/fy042/2002068026.html
856 4 2 _3Publisher description
_uhttp://www.loc.gov/catdir/enhancements/fy0650/2002068026-d.html
906 _a7
_bcbc
_corignew
_d1
_eocip
_f20
_gy-gencatlg
942 _2ddc
_cBK
999 _c14448
_d14448